How China is driving the rubber industry (Record no. 60496)

MARC details
000 -LEADER
fixed length control field 00369nam a2200145Ia 4500
100 ## - MAIN ENTRY--AUTHOR NAME
Personal name Jumpasut Prachaya
245 #0 - TITLE STATEMENT
Title How China is driving the rubber industry
260 ## - PUBLICATION, DISTRIBUTION, ETC. (IMPRINT)
Name of publisher Rubber Asia
Year of publication 2004
300 ## - PHYSICAL DESCRIPTION
Number of Pages 34-40,49-54
650 ## - SUBJECT ADDED ENTRY--TOPICAL TERM
Topical Term China
650 ## - SUBJECT ADDED ENTRY--TOPICAL TERM
Topical Term Rubber consumption
650 ## - SUBJECT ADDED ENTRY--TOPICAL TERM
Topical Term Rubber industry
942 ## - ADDED ENTRY ELEMENTS (KOHA)
Koha item type Journals
Holdings
Withdrawn status Lost status Damaged status Not for loan Home library Current library Shelving location Date acquired Serial Enumeration / chronology Koha item type
      Journals RRII Library RRII Library Agricultural economics 17/12/2021 Volume 18, Issue 1 Journals